Problémy efektívnosti a financovania vedy kandidátska dizertačná práca

Gespeichert in:
Bibliographische Detailangaben
1. Verfasser: Romančíková, Eva
Körperschaft: Vysoká škola ekonomická v Bratislave
Weitere Verfasser: Majcher, Milan
Format: Buch
Sprache:Slowakisch
Veröffentlicht: Bratislava 1978
Tags: Tag hinzufügen
Keine Tags, Fügen Sie das erste Tag hinzu!

MARC

LEADER 00000nam$a2200000$$$4500
001 0092170
005 20230116121634.9
041 0 |a slo 
044 |a SK 
245 1 0 |a Problémy efektívnosti a financovania vedy  |b kandidátska dizertačná práca  |c Eva Romančíková ; škol. Milan Majcher 
264 1 |a Bratislava  |c 1978 
300 |a 141 s. 
100 1 |a Romančíková, Eva 
700 1 |a Majcher, Milan 
710 2 |a Vysoká škola ekonomická v Bratislave